Statistics for Least Guessed US States

Click here to take the quiz!

General Stats

  • This quiz has been taken 330 times
  • The average score is 11 of 15

Answer Stats

RankPercent GuessedAnswer% Correct
#670%Vermont
86%
#1573%Wyoming
83%
#1472%New Hampshire
82%
#1271%Iowa
80%
#1371%Delaware
78%
#368%Missouri
73%
#1071%Nebraska
72%
#167%Connecticut
70%
#1171%Maryland
70%
#468%Minnesota
66%
#268%Wisconsin
66%
#870%Indiana
64%
#971%Oklahoma
59%
#568%Massachusetts
55%
#770%Pennsylvania
50%

Score Distribution

Percentile by Number Answered

Percent of People with Each Score

Your Score History

You have not taken this quiz